Cena za cestovní ruch: přínosy versus ztráty : vzdělávací modul geografie : výukový a metodický text : Přírodní vědy a matematika na středních školách v Praze: aktivně, aktuálně a s aplikacemi - projekt OPPA /

Hlavní autor: Fialová, Dana, 1966-
Korporativní autor: Přírodní vědy a matematika na středních školách v Praze: aktivně, aktuálně a s aplikacemi (projekt)
Jazyk: Čeština
Vydáno: Praha : P3K, 2012
Vydání: Vyd. 1.
Témata:
Externí odkaz: Digitalizovaný dokument
Fyzický popis: 58 s. : il. ; 30 cm + 1 CD-ROM
Knihy
Uloženo v:
LEADER 02137cam a2200481 a 4500
001 nkc20122373554
003 CZ PrNK
005 20191101235010.0
007 ta
008 120803s2012 xr a d p 001 0 cze d
015 |a cnb002373554 
020 |a 978-80-87186-81-7  |q (brož.) 
035 |a (OCoLC)817047321 
040 |a ULG001  |b cze  |d BOA001 
072 7 |a 338.3/.4  |x Hospodářská a výrobní odvětví  |2 Konspekt  |9 4 
072 7 |a 37.016  |x Učební osnovy. Vyučovací předměty. Učebnice  |2 Konspekt  |9 22 
080 |a 338.48  |2 MRF 
080 |a (07)  |2 MRF 
080 |a (072)  |2 MRF 
100 1 |a Fialová, Dana,  |d 1966-  |7 mzk2005269691  |4 aut 
245 1 0 |a Cena za cestovní ruch: přínosy versus ztráty :  |b vzdělávací modul geografie : výukový a metodický text : Přírodní vědy a matematika na středních školách v Praze: aktivně, aktuálně a s aplikacemi - projekt OPPA /  |c Dana Fialová 
246 3 0 |a Přírodní vědy a matematika na středních školách v Praze 
246 3 0 |a Vzdělávací modul geografie 
250 |a Vyd. 1. 
260 |a Praha :  |b P3K,  |c 2012 
300 |a 58 s. :  |b il. ;  |c 30 cm +  |e 1 CD-ROM 
500 |a Název na CD-ROMu: Geografie - Cena za cestovní ruch: přínosy versus ztráty 
500 |a 120 výt. 
504 |a Obsahuje bibliografie a rejstřík 
650 0 7 |a cestovní ruch  |7 ph119113  |2 czenas 
650 0 9 |a tourism  |2 eczenas 
655 7 |a učební texty  |7 fd133599  |2 czenas 
655 7 |a metodické příručky  |7 fd132826  |2 czenas 
655 9 |a educational texts  |2 eczenas 
655 9 |a methodological manuals  |2 eczenas 
710 2 |a Přírodní vědy a matematika na středních školách v Praze: aktivně, aktuálně a s aplikacemi (projekt)  |7 olak2012701302 
740 0 2 |a Geografie - Cena za cestovní ruch: přínosy versus ztráty 
856 4 1 |u http://www.digitalniknihovna.cz/mzk/uuid/uuid:d93506b0-cb1a-11e9-b223-005056827e52  |y Digitalizovaný dokument  |x NDK 
910 2 |a BOA001  |b 4-1291.328 
990 |a BK 
995 |a 01 
991 |b 201210  |c NOV  |e dn 
996 6 |b 2610525440  |c 4-1291.328  |l MZK  |r Sklad / do 1 hodiny  |n 8  |p p.v.  |w 001290925  |u 000010  |a 1  |e BOA001  |j MZK50  |s P